Ο κίνδυνος ερημοποίησης γαιών στην Ικαρία : [μεταπτυχιακή διατριβή]
Αποθηκεύτηκε σε:
| Κύριος συγγραφέας: | |
|---|---|
| Συγγραφή απο Οργανισμό/Αρχή: | |
| Άλλοι συγγραφείς: | |
| Μορφή: | Thesis Βιβλίο |
| Γλώσσα: | Greek |
| Δημοσίευση: |
2012
|
| Θέματα: | |
| Διαθέσιμο Online: | http://hdl.handle.net/11610/15253 |
| Ετικέτες: |
Προσθήκη ετικέτας
Δεν υπάρχουν, Καταχωρήστε ετικέτα πρώτοι!
|
MARC
| LEADER | 00000cam a2200000 i 4500 | ||
|---|---|---|---|
| 001 | 1/35687 | ||
| 008 | 130827s2012 gre d | ||
| 035 | |l 10115502 | ||
| 040 | |a GR-MY-UA |b gre |e aacr | ||
| 041 | 0 | |a gre | |
| 082 | 0 | |a 333.736 |2 (22) | |
| 100 | 1 | |a Μπαλάσκας, Δημήτριος. | |
| 245 | 1 | 2 | |a Ο κίνδυνος ερημοποίησης γαιών στην Ικαρία : |b [μεταπτυχιακή διατριβή] / |c Μπαλάσκας Δημήτριος ; επιβλέπων καθηγητής: Δαναλάτος Νικόλαος |
| 260 | |c 2012 | ||
| 300 | |a 73 σ.; |b σχ.; |c 30 εκ. | ||
| 500 | |a Βιβλιογραφία: σ. 69-73 | ||
| 502 | |a Διατριβή (μεταπτυχιακή) – Πανεπιστήμιο Αιγαίου, Λέσβος, 2012. | ||
| 650 | 0 | 0 | |a Desertification |z Greece |z Ikaria (Municipality) |
| 650 | 0 | 0 | |a Land degradation. |
| 650 | 0 | 0 | |a Soil degradation |z Greece |z Ikaria (Municipality) |
| 650 | 0 | 0 | |a Environmental degradation |z Greece |z Ikaria (Municipality) |
| 650 | 0 | 0 | |a Dissertations, Academic |z Greece. |
| 700 | 1 | |a Δαναλάτος, Νίκος. |4 ths | |
| 710 | 2 | |a Πανεπιστήμιο Αιγαίου |b Σχολή Περιβάλλοντος |b Τμήμα Περιβάλλοντος |b Πρόγραμμα Μεταπτυχιακών Σπουδών Γεωργία και Περιβάλλον. | |
| 852 | |a INST |b LESVOS |c DIATR |e 20130827 |h 455 |p 005100052920 |q 005100052920 |t MTXE |y 23 | ||
| 852 | |a INST |b LESVOS |c DIATR |e 20130827 |h 456 |p 005100052921 |q 005100052921 |t MTXE |y 23 | ||
| 856 | |u http://hdl.handle.net/11610/15253 | ||
| 901 | |a BIBL1-2013-2 | ||
| 909 | |a Λ |b 182119 | ||
| 909 | |a Λ |b 182120 | ||
| 924 | |a ΜΠΑΛΑΣΚΑΣ |b ΔΗΜΗΤΡΙΟΣ |y ΛΕΣΒΟΣ |z 2013-01 | ||
| 970 | |a ΤΖΑΦΕΡΗ |b ΕΥΑΓΓΕΛΙΑ |z 2013/09/04 | ||